|
|
|
|
| LEADER |
00732cam a2200205 7i4500 |
| 001 |
0000043017 |
| 005 |
20170218090000.0 |
| 020 |
|
|
|a 0415617650 (hbk.)
|
| 020 |
|
|
|a 9780415617659 (hbk.)
|
| 090 |
0 |
0 |
|a HD6072.2.C6
|b X56 2011
|
| 100 |
3 |
|
|a Xinying, Hu
|
| 245 |
1 |
0 |
|a China's new underclass :
|b paid domestic labour
|c Xinying Hu.
|
| 260 |
|
|
|a London:
|b Routledge,
|c 2011.
|
| 300 |
|
|
|a xv, 190 p.;
|c 24 cm.
|
| 490 |
1 |
|
|a Routledge contemporary China series;
|v v. 73
|
| 650 |
0 |
0 |
|a Women household employees --
|z China
|
| 650 |
0 |
0 |
|a Women household employees --
|x Economic conditions --
|z China
|
| 997 |
|
|
|a Centre for Graduate Studies
|
| 997 |
|
|
|a Business & Accountancy, Faculty
|
| 999 |
|
|
|a 0000052110
|b BOK
|c OPEN SHELF
|e 1st Floor, Shah Alam
|